<?xml version="1.0" encoding="UTF-8"?>
<collection xmlns="http://www.loc.gov/MARC21/slim">
 <record>
  <leader>01496pam a22003858a 4500</leader>
  <controlfield tag="001">00033157</controlfield>
  <controlfield tag="005">20171026081025.0</controlfield>
  <controlfield tag="008">150423s2014                  ||||||Viesd</controlfield>
  <datafield tag="020" ind1="#" ind2="#">
   <subfield code="c">74000</subfield>
   <subfield code="a">9786045711859</subfield>
  </datafield>
  <datafield tag="041" ind1="0" ind2="#">
   <subfield code="a">Vie</subfield>
  </datafield>
  <datafield tag="082" ind1="1" ind2="#">
   <subfield code="a">355.009 597</subfield>
   <subfield code="b">L302S</subfield>
  </datafield>
  <datafield tag="245" ind1="1" ind2="0">
   <subfield code="a">Lịch sử tư tưởng quân sự Việt Nam</subfield>
   <subfield code="c">Lê Văn Thái (ch.b.), Nguyễn Văn Khánh, Nguyễn Hàm Giá, Trần Anh Tuấn</subfield>
   <subfield code="n">Tập 3</subfield>
   <subfield code="p">Từ năm 1858 đến năm 1945</subfield>
  </datafield>
  <datafield tag="260" ind1="#" ind2="#">
   <subfield code="a">Hà Nội</subfield>
   <subfield code="b">Chính trị quốc gia</subfield>
   <subfield code="c">2014</subfield>
  </datafield>
  <datafield tag="300" ind1="#" ind2="#">
   <subfield code="a">471 tr.</subfield>
   <subfield code="c">21 cm.</subfield>
  </datafield>
  <datafield tag="500" ind1="#" ind2="#">
   <subfield code="a">ĐTTS ghi: Bộ Quốc phòng. Viện Lịch sử quân sự Việt Nam</subfield>
  </datafield>
  <datafield tag="504" ind1="#" ind2="#">
   <subfield code="a">Thư mục: tr. 442-468</subfield>
  </datafield>
  <datafield tag="653" ind1="#" ind2="#">
   <subfield code="a">Lịch sử tư tưởng  </subfield>
  </datafield>
  <datafield tag="653" ind1="#" ind2="#">
   <subfield code="a">Việt Nam  </subfield>
  </datafield>
  <datafield tag="653" ind1="#" ind2="#">
   <subfield code="a">Quân sự  </subfield>
  </datafield>
  <datafield tag="700" ind1="1" ind2="#">
   <subfield code="a">Lê, Văn Thái</subfield>
   <subfield code="e">chủ biên</subfield>
  </datafield>
  <datafield tag="700" ind1="1" ind2="#">
   <subfield code="a">Nguyễn, Hàm Giá</subfield>
   <subfield code="e">tác giả</subfield>
  </datafield>
  <datafield tag="700" ind1="1" ind2="#">
   <subfield code="a">Nguyễn, Văn Khánh</subfield>
   <subfield code="e">tác giả</subfield>
  </datafield>
  <datafield tag="700" ind1="1" ind2="#">
   <subfield code="a">Trần, Anh Tuấn</subfield>
   <subfield code="e">tác giả</subfield>
  </datafield>
  <datafield tag="710" ind1="2" ind2="#">
   <subfield code="a">Bộ Quốc phòng. Viện Lịch sử quân sự Việt Nam</subfield>
  </datafield>
  <datafield tag="852" ind1="#" ind2="#">
   <subfield code="b">Kho mượn</subfield>
   <subfield code="j">KM.0018126, KM.0018127, KM.0019749</subfield>
  </datafield>
  <datafield tag="852" ind1="#" ind2="#">
   <subfield code="j">KD.0016587</subfield>
   <subfield code="j">KM.0018126</subfield>
   <subfield code="j">KM.0018127</subfield>
   <subfield code="j">KM.0019749</subfield>
  </datafield>
  <datafield tag="852" ind1="#" ind2="#">
   <subfield code="b">Kho đọc</subfield>
   <subfield code="j">KD.0016587</subfield>
  </datafield>
  <datafield tag="910" ind1="0" ind2="#">
   <subfield code="a">kchi</subfield>
   <subfield code="d">23/4/2015</subfield>
  </datafield>
  <datafield tag="980" ind1="#" ind2="#">
   <subfield code="a">Trung tâm Học liệu Lê Vũ Hùng, Trường Đại học Đồng Tháp</subfield>
  </datafield>
 </record>
</collection>
